[Event "WC-2016-Q-00003"]
[Site "LSS email"]
[Date "2013.10.22"]
[Round "?"]
[White "Dominguez Fernandez, Santiago"]
[Black "Meissner, Ruediger"]
[Result "1-0"]
[WhiteElo "2181"]
[BlackElo "2044"]
[PlyCount "99"]
[EventDate "2013.10.27"]
[EventType "tourn (corr)"]
[EventRounds "12"]
[EventCountry "GER"]
[SourceTitle "Corr 2015"]
[Source "ChessBase"]
[SourceDate "2015.07.17"]
[SourceVersion "1"]
[SourceVersionDate "2015.07.17"]
[SourceQuality "1"]

1. e4 e5 2. Nf3 Nc6 3. Bb5 a6 4. Ba4 Nf6 5. 0-0 Be7 6. Re1 b5 7. Bb3 d6 8. c3 0-0 9. h3 Nb8 10. d4 Nbd7 11. Nbd2 Bb7 12. Bc2 Re8 13. Nf1 Bf8 14. Ng3 g6 15. a4 c5 16. d5 c4 17. Bg5 h6 18. Be3 Qc7 19. Qd2 Kh7 20. Reb1 Nc5 21. Ra3 Bg7 22. Qc1 Nfd7 23. b4 cxb3 24. Bxb3 Nb6 25. a5 Nbd7 26. c4 Reb8 27. Bd1 Bc8 28. Rb4 Rb7 29. Be2 bxc4 30. Rxb7 Nxb7 31. Qc3 Nbc5 32. Nd2 Bf8 33. Nxc4 Rb8 34. Bd3 Nxd3 35. Qxd3 Rb5 36. Bb6 Qb8 37. Rc3 Kg7 38. Qd2 Nxb6 39. Nxb6 Bb7 40. Nd7 Qd8 41. Nxf8 Qxf8 42. Rc7 Kg8 43. Nf1 Qd8 44. Qc3 Rb3 45. Qc4 Rb4 46. Qxb4 Qxc7 47. Ne3 Kf8 48. Nc4 Ke7 49. g3 Kd7 50. Nxd6 1-0

[Event "WC-2016-Q-00003"]
[Site "LSS email"]
[Date "2013.10.22"]
[Round "?"]
[White "Dominguez Fernandez, Santiago"]
[Black "Sherwood, Russell"]
[Result "1-0"]
[WhiteElo "2181"]
[BlackElo "2101"]
[PlyCount "147"]
[EventDate "2013.10.27"]
[EventType "tourn (corr)"]
[EventRounds "12"]
[EventCountry "GER"]
[SourceTitle "Corr 2015"]
[Source "ChessBase"]
[SourceDate "2015.07.17"]
[SourceVersion "1"]
[SourceVersionDate "2015.07.17"]
[SourceQuality "1"]

1. e4 c5 2. Nf3 d6 3. d4 cxd4 4. Nxd4 Nf6 5. Nc3 a6 6. Bg5 e6 7. f4 Qb6 8. Nb3 Be7 9. Qf3 Nbd7 10. 0-0-0 Qc7 11. a4 h6 12. Bh4 b6 13. Bd3 Bb7 14. Rhe1 0-0 15. Qe3 Nc5 16. Nxc5 bxc5 17. Bc4 Rfd8 18. g3 Rab8 19. h3 Qb6 20. b3 Qb4 21. Kb2 Ba8 22. Qe2 Bc6 23. f5 exf5 24. Rf1 Nxe4 25. Nxe4 Bxh4 26. Rxf5 d5 27. Rdxd5 Bxd5 28. Bxd5 Be7 29. Bc4 Rf8 30. Nc3 Qb7 31. Nd5 Bd6 32. Qh5 Bxg3 33. Ka2 Bd6 34. Nf6+ Kh8 35. Ng4 f6 36. Rd5 Bg3 37. Qf5 g6 38. Qxg6 Qh7 39. Qxh6 Qxh6 40. Nxh6 Bf4 41. Nf5 Rbe8 42. Nh4 Kg7 43. Bd3 Be5 44. Nf5+ Kf7 45. Rxc5 Ra8 46. Bc4+ Kg6 47. Ne7+ Kg5 48. h4+ Kg4 49. Bd3 Rfe8 50. Rc4+ Kg3 51. Nf5+ Kf2 52. b4 Rg8 53. h5 Rg1 54. c3 Rh8 55. h6 Rh1 56. Kb3 Rh3 57. Be4 Rb8 58. a5 Ke1 59. Bd5 Ke2 60. Be6 Kd2 61. Nh4 Rg3 62. Bd5 Rd3 63. Nf3+ Ke3 64. Re4+ Kxf3 65. Rxe5+ Kf4 66. Re4+ Kf5 67. Bc6 Rd6 68. Re8 Rxe8 69. Bxe8 Rd8 70. Bh5 Rh8 71. b5 Rxh6 72. Bf3 axb5 73. a6 Rh7 74. Bb7 1-0

[Event "WC-2016-Q-00003"]
[Site "LSS email"]
[Date "2013.10.22"]
[Round "?"]
[White "Sherwood, Russell"]
[Black "Dominguez Fernandez, Santiago"]
[Result "0-1"]
[WhiteElo "2101"]
[BlackElo "2181"]
[PlyCount "88"]
[EventDate "2013.10.27"]
[EventType "tourn (corr)"]
[EventRounds "12"]
[EventCountry "GER"]
[SourceTitle "Corr 2015"]
[Source "ChessBase"]
[SourceDate "2015.07.17"]
[SourceVersion "1"]
[SourceVersionDate "2015.07.17"]
[SourceQuality "1"]

1. e4 c5 2. Nf3 Nc6 3. d4 cxd4 4. Nxd4 Nf6 5. Nc3 e5 6. Ndb5 d6 7. Bg5 a6 8. Na3 b5 9. Bxf6 gxf6 10. Nd5 f5 11. Bd3 Be6 12. 0-0 Bxd5 13. exd5 Ne7 14. Nxb5 Bg7 15. Nc3 e4 16. Bc4 Ng6 17. Qh5 Bxc3 18. bxc3 Qf6 19. Qh6 Qxc3 20. Bb3 Ke7 21. Rae1 a5 22. Ba4 Rhg8 23. Kh1 Rab8 24. a3 Qg7 25. Qg5+ Qf6 26. Qe3 Kf8 27. f3 exf3 28. Qxf3 Ne5 29. Qc3 Rg4 30. Qxa5 Kg7 31. Bb3 Rg8 32. Qd2 Kh8 33. g3 Rxg3 34. hxg3 Rxg3 35. Rxe5 dxe5 36. Rf2 e4 37. c4 Rh3+ 38. Kg2 Rxb3 39. Qc1 e3 40. Re2 Qg6+ 41. Kh1 f4 42. Rg2 Qh6+ 43. Rh2 Qf6 44. Qc2 Qa1+ 0-1

[Event "WC-2016-Q-00003"]
[Site "LSS email"]
[Date "2013.10.22"]
[Round "?"]
[White "Tinture, Laurent"]
[Black "Dominguez Fernandez, Santiago"]
[Result "1-0"]
[WhiteElo "2263"]
[BlackElo "2181"]
[PlyCount "87"]
[EventDate "2013.10.27"]
[EventType "tourn (corr)"]
[EventRounds "12"]
[EventCountry "GER"]
[SourceTitle "Corr 2015"]
[Source "ChessBase"]
[SourceDate "2015.07.17"]
[SourceVersion "1"]
[SourceVersionDate "2015.07.17"]
[SourceQuality "1"]

1. d4 d5 2. c4 c6 3. Nf3 Nf6 4. Nc3 e6 5. Bg5 dxc4 6. e4 b5 7. e5 h6 8. Bh4 g5 9. Nxg5 hxg5 10. Bxg5 Nbd7 11. g3 Bb7 12. Bg2 Qb6 13. exf6 0-0-0 14. 0-0 Ne5 15. dxe5 Rxd1 16. Rfxd1 b4 17. Ne4 c5 18. a3 a5 19. h4 Qa6 20. axb4 cxb4 21. Rd6 Qb5 22. Rad1 c3 23. bxc3 Bxe4 24. Rd8+ Kc7 25. Bxe4 bxc3 26. Be3 Bc5 27. R1d7+ Qxd7 28. Rxd7+ Kxd7 29. Bxc5 Rc8 30. Be3 c2 31. Bc1 Rc4 32. Bh7 Kc6 33. h5 Kd5 34. h6 Rc8 35. g4 Kd4 36. g5 Kxe5 37. f4+ Kd4 38. g6 fxg6 39. f7 Kd3 40. Bxg6+ Kc3 41. Bxc2 Rf8 42. h7 Kxc2 43. Ba3 Rxf7 44. h8Q 1-0

[Event "WC-2016-P-00016"]
[Site "LSS email"]
[Date "2012.02.12"]
[Round "?"]
[White "Parker, Steph"]
[Black "Dominguez Fernandez, Santiago"]
[Result "0-1"]
[WhiteElo "1514"]
[BlackElo "2167"]
[PlyCount "80"]
[EventDate "2012.02.15"]
[EventType "tourn (corr)"]
[EventRounds "12"]
[EventCountry "GER"]
[SourceTitle "Telechess CBM 165"]
[Source "ChessBase"]
[SourceDate "2015.03.11"]
[SourceVersion "1"]
[SourceVersionDate "2015.03.11"]
[SourceQuality "1"]

1. e4 c5 2. Nc3 Nc6 3. f4 g6 4. Nf3 Bg7 5. Bb5 Nd4 6. 0-0 Nxb5 7. Nxb5 Nf6 8. e5 Nd5 9. d4 Nc7 10. Nc3 cxd4 11. Qxd4 b6 12. Be3 0-0 13. Rfd1 d6 14. Qc4 Bb7 15. Ng5 Qd7 16. exd6 exd6 17. Bd4 b5 18. Qd3 Qc6 19. Qh3 h6 20. Nge4 Bxd4+ 21. Rxd4 Qb6 22. Rad1 d5 23. Nf2 Rae8 24. Qd3 Ne6 25. Rb4 a6 26. Qd2 d4 27. Nce4 f5 28. Ng3 d3 29. c4 Nc5 30. cxb5 axb5 31. Rd4 Nb3 32. axb3 Qxd4 33. Qxd3 Qxd3 34. Nxd3 Rd8 35. Ne2 Rf7 36. Nf2 Rxd1+ 37. Nxd1 Rd7 38. Ndc3 Rd2 39. b4 Rxb2 40. Kf2 Rxb4 0-1

[Event "RA-2011-0-00169"]
[Site "LSS email"]
[Date "2011.12.03"]
[Round "?"]
[White "Dominguez Fernandez, Santiago"]
[Black "Lizorkina, Veronika"]
[Result "1-0"]
[WhiteElo "2143"]
[BlackElo "2067"]
[PlyCount "109"]
[EventDate "2011.11.18"]
[EventType "tourn (corr)"]
[EventRounds "6"]
[EventCountry "GER"]
[SourceTitle "Telechess CBM 157"]
[Source "ChessBase"]
[SourceDate "2013.11.12"]
[SourceVersion "1"]
[SourceVersionDate "2013.11.12"]
[SourceQuality "1"]

1. e4 c5 2. Nf3 d6 3. d4 cxd4 4. Nxd4 Nf6 5. Nc3 a6 6. Bg5 e6 7. f4 Nbd7 8. Qf3 Qc7 9. 0-0-0 b5 10. Bd3 Bb7 11. Rhe1 Qc5 12. Nb3 Qc7 13. a3 h6 14. Qh3 Be7 15. Kb1 Rc8 16. Nd4 Nc5 17. Bxf6 gxf6 18. Qh5 Qb6 19. Be2 Kf8 20. Bg4 b4 21. Na4 Nxa4 22. Nxe6+ Ke8 23. Ng7+ Kd8 24. Qxf7 Nc3+ 25. Ka1 bxa3 26. Rxd6+ Qxd6 27. Ne6+ Qxe6 28. Qxe6 axb2+ 29. Kxb2 Rc7 30. Re3 Na4+ 31. Ka2 Nc5 32. Qc4 h5 33. Bf5 Nd7 34. Qb3 Nc5 35. Qb6 Bc8 36. Qb8 Rf8 37. Re1 Nd7 38. Rd1 Rxc2+ 39. Ka1 Rc7 40. Bxd7 Rxd7 41. Rc1 Bd6 42. Rxc8+ Ke7 43. Qa8 Rxc8 44. Qxc8 Bxf4 45. Qc5+ Rd6 46. Qxh5 Rd2 47. Qh7+ Kf8 48. g3 Be5+ 49. Kb1 Rg2 50. Qh3 Rb2+ 51. Kc1 Rf2 52. Qh6+ Kf7 53. h4 Bxg3 54. Qh7+ Kf8 55. h5 1-0

[Event "RA-2011-0-00169"]
[Site "LSS email"]
[Date "2011.12.02"]
[Round "?"]
[White "Dehaybe, Andre"]
[Black "Dominguez Fernandez, Santiago"]
[Result "1/2-1/2"]
[WhiteElo "2140"]
[BlackElo "2143"]
[PlyCount "130"]
[EventDate "2011.11.18"]
[EventType "tourn (corr)"]
[EventRounds "6"]
[EventCountry "GER"]
[SourceTitle "Telechess CBM 157"]
[Source "ChessBase"]
[SourceDate "2013.11.12"]
[SourceVersion "1"]
[SourceVersionDate "2013.11.12"]
[SourceQuality "1"]

1. d4 d5 2. c4 c6 3. Nf3 Nf6 4. e3 e6 5. Bd3 Nbd7 6. Nbd2 c5 7. 0-0 Be7 8. cxd5 exd5 9. b3 g6 10. Bb2 cxd4 11. Bxd4 0-0 12. Rc1 b6 13. Ne5 Ba3 14. Rc2 Nxe5 15. Bxe5 Bb7 16. Qa1 Nd7 17. Bg7 Re8 18. Bb5 f6 19. Bh6 Bd6 20. Nf3 Re7 21. Bf4 Ne5 22. Nd4 Rc8 23. Rxc8 Qxc8 24. Be2 a6 25. h4 Rc7 26. h5 Kf8 27. a4 Qd7 28. Rc1 Rxc1+ 29. Qxc1 Bb4 30. Qa1 Kg8 31. Kf1 Qe7 32. Kg1 Qd7 33. Kf1 Qe7 34. Nc2 Bd6 35. Qc3 Qc7 36. Qd2 Kf7 37. Kg1 Qc5 38. Nd4 Qc8 39. b4 Qc7 40. Bg3 Qe7 41. b5 axb5 42. axb5 Qd7 43. Qa2 Qc7 44. Qa7 Ke7 45. Bf4 Kf7 46. Bf1 Nc4 47. Bxd6 Nxd6 48. g3 gxh5 49. Bg2 Kg6 50. Qa2 Qc4 51. Qa7 Qc7 52. Ne6 Nxb5 53. Qa1 Qe7 54. Qb1+ Kh6 55. Nf4 Bc6 56. Bf1 Nc7 57. Qxb6 Be8 58. Bg2 Bf7 59. Bf3 Qe5 60. Qc6 Kg7 61. Qd7 Kf8 62. Bg2 Kg7 63. Kh1 Kf8 64. Kg1 Kg7 65. Kh1 Kf8 1/2-1/2

[Event "RA-2011-0-00169"]
[Site "LSS email"]
[Date "2011.11.29"]
[Round "?"]
[White "Dominguez Fernandez, Santiago"]
[Black "Korzh, Leonty"]
[Result "1-0"]
[WhiteElo "2143"]
[BlackElo "2010"]
[PlyCount "129"]
[EventDate "2011.11.18"]
[EventType "tourn (corr)"]
[EventRounds "6"]
[EventCountry "GER"]
[SourceTitle "Telechess CBM 157"]
[Source "ChessBase"]
[SourceDate "2013.11.12"]
[SourceVersion "1"]
[SourceVersionDate "2013.11.12"]
[SourceQuality "1"]

1. e4 e5 2. Nf3 Nc6 3. Bb5 a6 4. Ba4 Nf6 5. 0-0 Be7 6. Re1 b5 7. Bb3 d6 8. c3 0-0 9. h3 Nb8 10. d4 Nbd7 11. Nbd2 Bb7 12. Bc2 Re8 13. Nf1 Bf8 14. Ng3 g6 15. a4 c5 16. d5 c4 17. Bg5 h6 18. Be3 Nc5 19. Qd2 h5 20. Bxc5 dxc5 21. Qg5 Nd7 22. Qe3 Bd6 23. Ra2 Qf6 24. Rb1 Qf4 25. Nf1 f5 26. Rba1 Qxe3 27. Nxe3 f4 28. Nf1 Kg7 29. N1d2 Reb8 30. Nb1 b4 31. Bd1 a5 32. Nbd2 Ba6 33. Ng5 Nb6 34. h4 Be7 35. Ne6+ Kf7 36. g3 Bd6 37. Kh2 fxg3+ 38. fxg3 Ke7 39. Be2 Bc8 40. Ng5 Ba6 41. Bf1 Rf8 42. Kg1 Rf6 43. Rd1 Rd8 44. Bh3 Rb8 45. Raa1 Na8 46. Ndf3 Nb6 47. Rf1 Rh8 48. Rf2 Rhf8 49. Kg2 Rh8 50. Raf1 b3 51. Ra1 Bb7 52. Rff1 Ba6 53. Kf2 Re8 54. Ke3 Rh8 55. Rf2 Bc8 56. Bxc8 Rxc8 57. Nd2 Rxf2 58. Kxf2 Kd7 59. Nb1 Bf8 60. Na3 Bh6 61. Ne6 Bf8 62. Ke2 Be7 63. Rf1 Ke8 64. Nb5 Rb8 65. Nec7+ 1-0

[Event "RA-2011-0-00169"]
[Site "LSS email"]
[Date "2011.11.29"]
[Round "?"]
[White "Real, Vanessa Tatiana Vie"]
[Black "Dominguez Fernandez, Santiago"]
[Result "0-1"]
[WhiteElo "1884"]
[BlackElo "2143"]
[PlyCount "56"]
[EventDate "2011.11.18"]
[EventType "tourn (corr)"]
[EventRounds "6"]
[EventCountry "GER"]
[SourceTitle "Telechess CBM 157"]
[Source "ChessBase"]
[SourceDate "2013.11.12"]
[SourceVersion "1"]
[SourceVersionDate "2013.11.12"]
[SourceQuality "1"]

1. e4 c5 2. Nf3 Nc6 3. d4 cxd4 4. Nxd4 Nf6 5. Nc3 e5 6. Ndb5 d6 7. Bg5 a6 8. Na3 b5 9. Bxf6 gxf6 10. Nd5 f5 11. Bd3 Be6 12. 0-0 Bxd5 13. exd5 Ne7 14. Nxb5 Bg7 15. Nc3 e4 16. Be2 Qa5 17. Qd2 Bxc3 18. bxc3 Qxd5 19. Rfd1 Qxd2 20. Rxd2 d5 21. c4 dxc4 22. Bxc4 0-0 23. Re1 Rfc8 24. Bb3 a5 25. a4 Rd8 26. Red1 Rxd2 27. Rxd2 Kg7 28. Rd7 Kf6 0-1

[Event "RB-2011-0-00143"]
[Site "LSS email"]
[Date "2011.10.22"]
[Round "?"]
[White "Kawagoe, Toshiji"]
[Black "Dominguez Fernandez, Santiago"]
[Result "0-1"]
[WhiteElo "1812"]
[BlackElo "2112"]
[PlyCount "74"]
[EventDate "2011.10.07"]
[EventType "tourn (corr)"]
[EventRounds "6"]
[EventCountry "GER"]
[SourceTitle "Telechess CBM 149"]
[Source "ChessBase"]
[SourceDate "2012.07.17"]
[SourceVersion "1"]
[SourceVersionDate "2012.07.17"]
[SourceQuality "1"]

1. e4 c5 2. d4 cxd4 3. c3 dxc3 4. Nxc3 Nc6 5. Nf3 e6 6. Bc4 Qc7 7. 0-0 Nf6 8. Nb5 Qb8 9. e5 a6 10. exf6 axb5 11. fxg7 Bxg7 12. Bxb5 0-0 13. Bd3 d5 14. Ng5 f5 15. Be3 h6 16. Nf3 e5 17. Bc5 Rd8 18. Bb5 Be6 19. Qe2 d4 20. Bc4 Qc8 21. Bb6 Rd6 22. Nh4 Na5 23. Bxe6+ Qxe6 24. Bxa5 Rxa5 25. b4 Rad5 26. Qd2 f4 27. Rae1 d3 28. g3 Bf6 29. Kh1 Bxh4 30. gxh4 Qh3 31. f3 Rc6 32. Qg2+ Qxg2+ 33. Kxg2 Rc2+ 34. Kg1 d2 35. Ra1 Rd3 36. a4 Re3 37. b5 e4 0-1

[Event "Mondariz op 5th"]
[Site "Mondariz"]
[Date "2007.08.26"]
[Round "2"]
[White "Starostits, Ilmars"]
[Black "Dominguez Fernandez, Santiago"]
[Result "1-0"]
[WhiteElo "2497"]
[BlackElo "1956"]
[PlyCount "85"]
[EventDate "2007.08.25"]
[EventType "swiss"]
[EventRounds "9"]
[EventCountry "ESP"]
[SourceTitle "CBM 120 Extra"]
[Source "ChessBase"]
[SourceDate "2007.11.01"]
[SourceVersion "1"]
[SourceVersionDate "2007.11.01"]
[SourceQuality "1"]

1. e4 c5 2. Nf3 Nc6 3. Bb5 g6 4. 0-0 Bg7 5. Re1 Nf6 6. c3 0-0 7. h3 a6 8. Bf1 b5 9. d4 cxd4 10. cxd4 d5 11. e5 Ne8 12. a4 b4 13. Nbd2 a5 14. Nb3 Nc7 15. Bb5 Na7 16. Bd3 Ne6 17. Ng5 Nc6 18. Bb5 Qb6 19. Nxe6 Bxe6 20. Bg5 Ra7 21. Rc1 Rc8 22. Qd2 Rac7 23. Bxc6 Rxc6 24. Bxe7 Rxc1 25. Rxc1 Rxc1+ 26. Qxc1 Bf8 27. Bxf8 Kxf8 28. Qc5+ Qxc5 29. Nxc5 Bc8 30. f4 Kg7 31. Kf2 h5 32. Kg3 Kh6 33. Kh4 Bf5 34. Nb7 Bc2 35. Nxa5 Bxa4 36. Nb7 Bc2 37. Nd6 Kg7 38. g3 Bd1 39. Kg5 Bf3 40. f5 Bg2 41. fxg6 fxg6 42. e6 Kf8 43. Kf6 1-0

[Event "Cambre op"]
[Site "Cambre"]
[Date "2006.08.14"]
[Round "4"]
[White "Vega Gomez, Francisco Borja"]
[Black "Dominguez Fernandez, Santiago"]
[Result "1-0"]
[WhiteElo "2061"]
[BlackElo "1948"]
[PlyCount "109"]
[EventDate "2006.08.12"]
[EventType "swiss"]
[EventRounds "7"]
[EventCountry "ESP"]
[SourceTitle "CBM 113 Extra"]
[Source "ChessBase"]
[SourceDate "2006.09.14"]
[SourceVersion "1"]
[SourceVersionDate "2006.09.14"]
[SourceQuality "1"]

1. Nf3 Nf6 2. g3 d5 3. Bg2 g6 4. d4 Bg7 5. c4 c6 6. Nc3 0-0 7. cxd5 cxd5 8. Ne5 Nc6 9. Nxc6 bxc6 10. 0-0 Bf5 11. Na4 Qc8 12. b3 Bh3 13. Bb2 Bxg2 14. Kxg2 Qf5 15. Rc1 Rac8 16. Nc5 Nd7 17. Qc2 Qxc2 18. Rxc2 Nxc5 19. Rxc5 Rc7 20. Rfc1 Rfc8 21. e3 e6 22. Ba3 Bf8 23. Ra5 Bxa3 24. Rxa3 Kf8 25. Ra5 Ke7 26. b4 Kd6 27. Rac5 Rb8 28. a3 Rb5 29. Kf3 Rxc5 30. bxc5+ Kd7 31. Rb1 Kc8 32. Kf4 f6 33. Rb4 Rb7 34. Ra4 Rb2 35. Kf3 Kb7 36. h3 h5 37. g4 h4 38. g5 f5 39. Kf4 Rxf2+ 40. Ke5 Rf3 41. Rb4+ Kc7 42. Kf6 Rxh3 43. Kxg6 Rxe3 44. Kf7 f4 45. Rb2 f3 46. Rf2 Re4 47. g6 Rf4+ 48. Kxe6 Rg4 49. Kf5 Rg3 50. Kf6 h3 51. g7 Rg4 52. Rxf3 h2 53. Rh3 Rg1 54. Rxh2 Rf1+ 55. Kg6 1-0